Κατάλογος Βιβλιοθηκών Mediterranean College

The British Press and Broadcasting since 1945 (Record no. 4035)

MARC details
000 -LEADER
fixed length control field 01277cam a22001934a 4500
005 - ΗΜΕΡΟΜΗΝΙΑ ΚΑΙ ΩΡΑ ΤΕΛΕΥΤΑΙΑΣ ΕΝΗΜΕΡΩΣΗΣ
Πεδίο ελέγχου 20250605164134.0
008 - FIXED-LENGTH DATA ELEMENTS--GENERAL INFORMATION
Πεδίο ελέγχου σταθερού μήκους 250528s ||||||||||||||||||||||||d
035 ## - SYSTEM CONTROL NUMBER
System control number 18709
020 ## - ISBN
ISBN 631164448
040 ## - ΠΗΓΗ ΚΑΤΑΛΟΓΟΓΡΑΦΗΣΗΣ
Φορέας πρωτότυπης καταλογογράφησης MC Athens Campus Library
Γλώσσα καταλογογράφησης Ελληνικά, Μοντέρνα (1453-)
Modifying agency MC Athens Campus Library
Κανόνες περιγραφικής καταλογογράφησης AACR2
245 1# - ΤΙΤΛΟΣ ΚΑΙ ΔΗΛΩΣΗ ΥΠΕΥΘΥΝΟΤΗΤΑΣ
Τίτλος The British Press and Broadcasting since 1945
260 ## - PUBLICATION, DISTRIBUTION, ETC.
Name of publisher, distributor, etc. Blackwell,
Date of publication, distribution, etc. 1988
300 ## - PHYSICAL DESCRIPTION
Extent 276
520 ## - SUMMARY, ETC.
Summary, etc. This is the first concise history of the press and broadcasting in Britain after the Second World War, from a time when the phrase ''mass media'' was barely used, to the Maxwell and Murdoch era of international media conglomerates. List of Tables, General Editor's Preface, Snapshot: 1945/1990, Which Media? What History?, Media 1945 - 1990: The Press, Media 1945 - 1990: Radio and Television, Concentration and Conglomeration and Internationalization, Content and Audiences, Media and Government and Politics: The Intrusion of Television, Media and Government and Politics: Prime Ministers and Parties, Media Accountability: Government Policymaking, Media Accountability: Markets and Self-Regulation and the Law, Conclusion, Appendix: Provincial Evening Papers, Outline Chronology, Bibliography, Index.
700 1# - ΠΡΟΣΘΕΤΗ ΑΝΑΓΡΑΦΗ--ΦΥΣΙΚΟ ΠΡΟΣΩΠΟ
Personal name Seymour-Ure Colin
9 (RLIN) 4962
942 ## - ADDED ENTRY ELEMENTS (KOHA)
Koha item type Books
Holdings
Τύπος τεκμηρίου Βιβλιοθήκη Τρέχουσα τοποθεσία Barcode Αριθμός εισαγωγής Ημερομηνία απόκτησης Ταξιθετικό σύμβολο Αριθμός αντιτύπου Κατάσταση απόσυρσης Κατάσταση χαμένου Κατάσταση κατεστραμμένου Μη δανεισμός Σύνολο δανεισμών Ημερομηνία τελευταίας εμφάνισης Η τιμή ισχύει από
Books MC Athens Campus Library MC Athens Campus Library 9780000040343 3618 05/06/2025 302.23/0941 SEY 1           05/06/2025 05/06/2025

MC Athens Campus Library
Πατησίων 94 & Κοδριγκτώνος 13, 104 34
Πελλήνης 8 & Πατησίων 107, 112 51
Τ: +30 210 8899600

MC Thessaloniki Campus Library
Ίωνος Δραγούμη 21, 54625 | Ίωνος Δραγούμη 15, 54625
Τ: +30 2310 287779 – Τ: +30 2314 440300